| 000 | 00448nam a2200169Ia 4500 | ||
|---|---|---|---|
| 008 | 230917s9999||||xx |||||||||||||| ||und|| | ||
| 020 | _cRS120 | ||
| 040 |
_e25564 _aMAIN |
||
| 041 | _aEnglish | ||
| 082 | _a330.1543 K849T | ||
| 100 | _aKoutsoyiannis, A | ||
| 245 | 0 | _aTheory of econometrics: An introductory exposition of econometric methods | |
| 250 | _a2nd ed. | ||
| 260 |
_aLondon _bMacmillan _c1981 |
||
| 300 | _axiii, 681 p. | ||
| 942 | _cOB | ||
| 999 |
_c46613 _d46613 |
||